[Event "AUTO-INT-894"]
[Site "http://www.queenalice.com/game.php?id=399825"]
[Date "2008.5.8"]
[Round "1"]
[White "MrRonMosley"]
[Black "Hapless"]
[Result "1-0"]
[WhiteElo "1605"]
[BlackElo "1591"]

1. a4 d5 2. a5 a6 3. b4 e6 4. c3 Nf6 5. e3 Be7 6. Nf3 O-O 7. d4 Ne4 8. Ra2 Nc6
9. g3 e5 10. Nxe5 Nxe5 11. dxe5 Re8 12. f3 Ng5 13. f4 Ne4 14. Bd3 Qd7 15. Qc2
Qf5 16. Nd2 c6 17. Nxe4 dxe4 18. Bxe4 Qh5 19. Qb3 Bd8 20. Rd2 b5 21. axb6 Bxb6
22. Bxc6 Be6 23. Qa4 f6 24. exf6 gxf6 25. O-O Bxe3+ 26. Kh1 1-0

[Event "Challenge"]
[Site "http://www.queenalice.com/game.php?id=407809"]
[Date "2008.5.24"]
[Round "-"]
[White "GeGo"]
[Black "Hapless"]
[Result "1-0"]
[WhiteElo "1598"]
[BlackElo "1606"]

1. d4 d5 2. Bf4 f6 3. e3 Nc6 4. Bb5 Bd7 5. Qh5+ g6 6. Qxd5 e6 7. Qc4 Qe7 8. Bxc7
Qb4+ 9. Qxb4 Bxb4+ 10. c3 Ba5 11. Bxa5 Nxa5 12. Bxd7+ Kxd7 13. b3 Rc8 14. c4 Rc6
15. Nd2 1-0

[Event "Challenge"]
[Site "http://www.queenalice.com/game.php?id=415208"]
[Date "2008.6.9"]
[Round "-"]
[White "Hapless"]
[Black "Dangermouse"]
[Result "0-1"]
[WhiteElo "1578"]
[BlackElo "1697"]

1. d4 d5 2. c4 e6 3. e3 c5 4. Nf3 Nc6 5. cxd5 exd5 6. Be2 Nf6 7. O-O cxd4 8.
exd4 Bg4 9. h3 Bxf3 10. Bxf3 Bd6 11. Bg5 h6 0-1

[Event "Challenge"]
[Site "http://www.queenalice.com/game.php?id=415209"]
[Date "2008.6.9"]
[Round "-"]
[White "Dangermouse"]
[Black "Hapless"]
[Result "1-0"]
[WhiteElo "1708"]
[BlackElo "1567"]

1. d4 d5 2. c4 e6 3. e3 c5 4. Nf3 Nc6 5. cxd5 exd5 6. Bb5 a6 7. Bxc6+ bxc6 8.
O-O Nf6 9. b3 cxd4 10. exd4 Bg4 11. h3 1-0

[Event "Challenge"]
[Site "http://www.queenalice.com/game.php?id=441902"]
[Date "2008.7.31"]
[Round "-"]
[White "Hapless"]
[Black "Dangermouse"]
[Result "0-1"]
[WhiteElo "1602"]
[BlackElo "1687"]

1. d4 d5 2. c4 e6 3. e3 c5 4. Nf3 Nc6 5. Be2 Qb6 6. O-O cxd4 7. exd4 Nge7 8. Bg5
Qxb2 9. Nbd2 Nxd4 10. Nxd4 Qxd4 11. Nb3 Qe5 12. h3 f6 13. Bh4 Nf5 14. Nc5 dxc4
15. Bf3 Bxc5 16. Qa4+ Bd7 17. Qc2 Qd4 18. g3 O-O 19. Rfe1 e5 20. Qb1 Qxf2+ 21.
Kh1 Qxf3+ 22. Kh2 Qf2+ 23. Kh1 Bc6+ 24. Qe4 Bxe4+ 25. Rxe4 Nxg3+ 26. Bxg3 Qxg3
0-1

[Event "Challenge"]
[Site "http://www.queenalice.com/game.php?id=450479"]
[Date "2008.8.19"]
[Round "-"]
[White "Dangermouse"]
[Black "Hapless"]
[Result "1-0"]
[WhiteElo "1689"]
[BlackElo "1598"]

1. d4 d5 2. c4 e6 3. Nc3 Bb4 4. Bd2 Nf6 5. Nb5 O-O 6. Bxb4 a6 7. Bxf8 Qxf8 8.
Nc3 Nc6 9. Nf3 Bd7 10. cxd5 exd5 11. e3 Bg4 12. Be2 Bxf3 13. Bxf3 Qb4 14. Qd2
Re8 15. Bxd5 Nxd5 16. Nxd5 Qxd2+ 17. Kxd2 Nb4 18. a3 Nc6 19. Rac1 Re7 20. Nxe7+
Nxe7 21. Rxc7 b5 22. Rhc1 Nd5 23. Rc8# 1-0

[Event "AUTO-INT-865"]
[Site "http://www.queenalice.com/game.php?id=475117"]
[Date "2008.10.9"]
[Round "2"]
[White "Hapless"]
[Black "sora07"]
[Result "1-0"]
[WhiteElo "1566"]
[BlackElo "1427"]

1. d4 d5 2. c4 Nf6 3. e3 e6 4. Nc3 Be7 5. Nf3 O-O 6. cxd5 exd5 7. Bd3 Nc6 8. O-O
Bg4 9. h3 Bxf3 10. Qxf3 a6 11. e4 dxe4 12. Nxe4 Nxe4 13. Qxe4 g6 14. g3 Bd6 15.
h4 Re8 16. Qf3 Nxd4 17. Qxb7 a5 18. Qg2 Bc5 19. Be4 Rb8 20. b3 1-0

[Event "AUTO-INT-865"]
[Site "http://www.queenalice.com/game.php?id=475118"]
[Date "2008.10.9"]
[Round "2"]
[White "sora07"]
[Black "Hapless"]
[Result "0-1"]
[WhiteElo "1438"]
[BlackElo "1555"]

1. Nf3 e6 2. Nc3 d5 3. d4 c5 4. e3 Nc6 5. Be2 Qb6 6. O-O Nge7 7. dxc5 Qxc5 8.
Bd2 Nf5 9. a3 Bd6 10. b4 Qb6 11. Rb1 O-O 12. Bd3 Nce7 13. Re1 e5 14. e4 dxe4 15.
Nxe4 Bd7 16. c4 Bb8 17. c5 Qc7 18. Nc3 f6 19. Bxf5 Bxf5 0-1

[Event "AUTO-INT-1122"]
[Site "http://www.queenalice.com/game.php?id=501508"]
[Date "2008.12.2"]
[Round "1"]
[White "dechian"]
[Black "Hapless"]
[Result "1-0"]
[WhiteElo "1548"]
[BlackElo "1551"]

1. e4 e6 2. Nf3 d5 3. e5 c5 4. d4 Nc6 5. Bb5 Qb6 6. Nc3 cxd4 7. Nxd4 a6 8. Na4
Qa7 9. Nxc6 bxc6 10. Bxc6+ Kd8 11. Bxa8 Qxa8 12. O-O Ne7 13. Be3 Bd7 14. Nc5 Bb5
15. b3 Bxf1 16. Qxf1 Nf5 17. Bg5+ Ke8 18. Nxa6 Be7 19. Nc7+ Kd7 20. Nxa8 Rxa8
21. Qb5+ Kd8 22. Bd2 Rc8 23. Ba5+ Rc7 24. Qb8+ Kd7 25. Qxc7+ 1-0

[Event "AUTO-INT-1122"]
[Site "http://www.queenalice.com/game.php?id=501509"]
[Date "2008.12.2"]
[Round "1"]
[White "Hapless"]
[Black "dechian"]
[Result "0-1"]
[WhiteElo "1535"]
[BlackElo "1564"]

1. d4 d5 2. c4 c5 3. e3 e6 4. Nf3 Nc6 5. cxd5 exd5 6. Bb5 Bd7 7. Bxc6 Bxc6 8.
Nc3 Nf6 9. O-O Bd6 10. h3 O-O 11. b3 Qa5 12. Bd2 Qd8 13. dxc5 Bxc5 14. Ne5 Be8
15. Re1 b5 16. a4 b4 17. Na2 Qb8 18. Nd3 Bd6 19. Bxb4 Bxb4 20. Naxb4 a5 21. Nc2
Qxb3 22. Nd4 Qb8 23. Rb1 Qd6 24. Nf5 Qe6 0-1

[Event "AUTO-INT-1122"]
[Site "http://www.queenalice.com/game.php?id=501520"]
[Date "2008.12.2"]
[Round "1"]
[White "jalhallib"]
[Black "Hapless"]
[Result "1-0"]
[WhiteElo "1654"]
[BlackElo "1563"]

1. e4 e6 2. d4 d5 3. e5 c5 4. Nf3 Nc6 5. Bb5 Bd7 6. Bxc6 Bxc6 7. O-O cxd4 8.
Nxd4 Bc5 9. Nxc6 bxc6 10. Nc3 Ne7 11. Na4 Bb6 12. Bg5 O-O 13. Nxb6 axb6 14. Qg4
Qc7 15. Bh6 Nf5 16. Bf4 Qe7 17. g3 f6 18. Rfe1 fxe5 19. Bxe5 h6 20. f4 Qf7 21.
c3 Kh7 22. a3 Qg6 23. Qxg6+ Kxg6 24. Bc7 b5 25. Rxe6+ Kh7 26. Rxc6 Rac8 27. Rc5
Rf7 28. Bb6 Rxc5 29. Bxc5 Ne3 30. Bxe3 Re7 31. Bc5 Re2 32. b4 Rc2 33. Bd4 Kg6
34. a4 bxa4 35. Rxa4 Rb2 36. Ra5 Rb1+ 37. Kg2 Rb2+ 38. Kh3 Kh7 39. Rxd5 Rd2 40.
Rd7 Kg8 41. Rxg7+ 1-0

[Event "AUTO-INT-1122"]
[Site "http://www.queenalice.com/game.php?id=501521"]
[Date "2008.12.2"]
[Round "1"]
[White "Hapless"]
[Black "jalhallib"]
[Result "0-1"]
[WhiteElo "1588"]
[BlackElo "1559"]

1. d4 d5 2. c4 e6 3. e3 Nf6 4. Nf3 Bb4+ 5. Bd2 Bxd2+ 6. Nbxd2 Nc6 7. Bd3 O-O 8.
Ng5 h6 9. Ngf3 Nb4 10. Nb3 Nxd3+ 11. Qxd3 b6 12. cxd5 Qxd5 13. O-O a5 14. Rfd1
Ba6 15. Qc2 Rac8 16. Rac1 Ne4 17. Qc6 Qxc6 0-1

[Event "AUTO-INT-1122"]
[Site "http://www.queenalice.com/game.php?id=501526"]
[Date "2008.12.2"]
[Round "1"]
[White "lucianovdemelo"]
[Black "Hapless"]
[Result "0-1"]
[WhiteElo "1199"]
[BlackElo "1596"]

1. d4 d5 2. c4 e6 3. Nc3 c5 4. Nf3 Nc6 5. Bg5 Be7 6. Bf4 Qb6 7. Qc2 cxd4 8. cxd5
dxc3 9. dxc6 cxb2 10. Qxb2 Qxb2 11. Rc1 Bd6 12. cxb7 Bxb7 13. Rd1 Bxf4 14. g3
Bh6 15. e3 Nf6 0-1